[Event "Thaelmann Memorial"]
[Site "Berlin East"]
[Date "1988.??.??"]
[Round "2"]
[White "Balashov, Yuri S"]
[Black "Vogt, Lothar"]
[Result "1-0"]
[WhiteElo "2540"]
[BlackElo "2460"]
[Annotator "ChessBase"]
[PlyCount "107"]
[EventDate "1988.04.05"]
[EventType "tourn"]
[EventRounds "9"]
[EventCountry "DDR"]
[EventCategory "11"]
[SourceTitle "MainBase"]
[Source "ChessBase"]
[SourceDate "1999.07.01"]
[SourceVersion "2"]
[SourceVersionDate "1999.07.01"]
[SourceQuality "1"]

1. e4 c5 2. d3 Nc6 3. f4 d5 4. Be2 dxe4 5. dxe4 Qxd1+ 6. Bxd1 b6 7. c3 Bb7 8.
Be3 e5 9. Nd2 exf4 10. Bxf4 Nf6 11. Nh3 $1 Be7 12. Bf3 Nd7 13. Nc4 Ba6 14. Be2
f6 15. O-O-O $2 (15. Rd1 $10) 15... Na5 $2 (15... Nce5 16. Nd6+ (16. Nxe5 $2
Bxe2 17. Nxd7 Bxd1 18. Rxd1 O-O-O $1 19. Nb8 Rxd1+ 20. Kxd1 Rd8+ 21. Ke2 Kb7 {
}) 16... Bxd6 17. Bxa6 $13) 16. Bg4 Bxc4 17. Bxd7+ Kf7 18. b3 Be6 19. Bc7 $1
$14 Bxd7 (19... g5 20. Nxg5+) 20. Rxd7 Ke6 21. Rhd1 g5 22. Nf2 Rhc8 (22... h5
23. Nh1 $1 h4 24. Nf2) 23. Ng4 Nc6 24. R1d5 (24. Ne3 $2 Nd4 25. Rxe7+ Kxe7 26.
cxd4 cxd4 27. Nd5+ Kd7 28. Rxd4 Rxc7+ 29. Nxc7+ Kxc7 $13) 24... Nb8 25. Bxb8
Rcxb8 26. Ne3 Rd8 27. Rb7 Rdb8 28. Rdd7 Rxb7 29. Rxb7 h5 30. Kc2 Bf8 $6 (30...
Bd6 31. Nf5 (31. h3 $6 g4 32. hxg4 hxg4 33. Nxg4 Rg8) 31... Bf8) 31. c4 Rd8 32.
Nd5 Bd6 33. h3 Ra8 $2 (33... g4) 34. Kd3 Be5 35. a4 h4 $2 36. Rh7 (36. Rg7 $1)
36... Rg8 37. Re7+ Kd6 38. Rxa7 g4 39. Rb7 gxh3 40. Rxb6+ Kd7 41. gxh3 Rg3+ 42.
Ke2 Rxh3 43. a5 Rh2+ 44. Kf3 h3 45. Nxf6+ Bxf6 46. Rxf6 Rb2 47. e5 $1 Rxb3+ 48.
Ke4 Rb1 49. Rh6 Re1+ 50. Kd5 Rd1+ 51. Kxc5 Re1 52. a6 Rxe5+ 53. Kb6 Re3 54. a7
1-0

[Event "Interpolis-01"]
[Site "Tilburg"]
[Date "1977.09.29"]
[Round "6"]
[White "Miles, Anthony John"]
[Black "Gligoric, Svetozar"]
[Result "1-0"]
[WhiteElo "2555"]
[BlackElo "2565"]
[Annotator "Ftacnik,L"]
[PlyCount "79"]
[EventDate "1977.09.23"]
[EventType "tourn"]
[EventRounds "11"]
[EventCountry "NED"]
[EventCategory "14"]
[SourceTitle "MCL"]
[Source "ChessBase"]
[SourceDate "1999.07.01"]
[SourceVersion "1"]
[SourceVersionDate "1999.07.01"]
[SourceQuality "1"]

1. e4 c5 (1... e5 2. Nf3 Nc6 3. c3 $5 Nf6 4. d4 Nxe4 5. d5 Nb8 6. Nxe5 Qe7 7.
Qd4 d6 8. Qxe4 Qxe5 9. Bd3 Qxe4+ 10. Bxe4 Nd7 11. Be3 Nf6 12. Bf3 Bg4 13. Bxg4
Nxg4 14. Bd4 Kd7 15. c4 Re8+ 16. Kd2 $16 {Miles,A-Gligoric,S/Bad Lauterberg/
1977/}) 2. f4 $5 Nc6 (2... Nf6 3. Nc3 d5 4. e5 d4 5. exf6 dxc3 6. fxg7 cxd2+ 7.
Qxd2 Qxd2+ 8. Bxd2 Bxg7 9. O-O-O Bf5 $5 10. Ne2 $1 Nc6 11. Be3 $1 Rc8 $6 12.
Ng3 Bg4 13. Rd5 {P g5} Bd4 14. Bxd4 cxd4 15. Bb5 Bd7 16. Ne4 Rd8 17. Bxc6 $1
bxc6 (17... Bxc6 18. Nf6+ exf6 19. Re1+ $18) 18. Rxd4 $18 {Miles,A-Plachetka,J/
Dubna/1976/}) 3. Nf3 Nf6 4. Nc3 d5 5. e5 d4 6. exf6 dxc3 7. fxg7 cxd2+ 8. Qxd2
Bxg7 $5 (8... Qxd2+ 9. Bxd2 Bxg7 10. O-O-O $36) 9. Qxd8+ Nxd8 (9... Kxd8) 10.
Bb5+ Bd7 (10... Nc6 11. Ne5) 11. Bxd7+ Kxd7 12. c3 f5 {P d8-f7-d6-e4} 13. Be3
Kc6 14. O-O-O Nf7 15. Rhe1 Rad8 (15... Nd6 16. Bg1 Ne4 (16... Rhe8 17. Ng5) 17.
Nd2) 16. Rxd8 (16. Bd2 Bf6 17. Re6+ Rd6 $10) 16... Rxd8 (16... Nxd8 17. Bf2 $16
Bf6 (17... Re8 18. Ne5+) (17... e6 18. Bh4) 18. Ne5+) 17. Bxc5 $5 (17. Bf2 Rd7
(17... Bf6 18. Bh4) 18. Bh4 Kd6 $14 19. a4 {P f3-d2-c4}) 17... Kxc5 18. Rxe7
Rf8 19. Rxb7 Bf6 $1 (19... a6 20. Nh4 $1 Kc6 (20... Bh6 21. g3) 21. Ra7 Kb6 22.
Re7) 20. Rxa7 Kb6 21. Rd7 Kc6 22. Rd2 Nd6 23. Re2 $1 (23. Nd4+ Bxd4 24. Rxd4
Rg8 25. Rd2 Rg4 26. g3 h5 {P e4, h4|^ Miles}) 23... h5 (23... Rg8 24. Re6) (
23... Ne4 $142 {P g8} 24. Nd2 Kd5) 24. h4 $14 Ne4 25. Ng5 Kd5 26. Kc2 Ra8 27.
a3 Nd6 $2 (27... Nxc3 28. bxc3 Rxa3 29. Nf3 Rxc3+ 30. Kd2 $16) 28. Re6 $1 Bxg5
(28... Bg7 {P h6~/=}) (28... Bh8 29. Rh6 $40) 29. Re5+ Kc6 30. hxg5 h4 {
P a4, P h8, h3} (30... Ra4 31. g3 h4 32. Kb3 Rc4 33. g6 $18) 31. Kd3 Ra4 $2 $18
(31... Rh8 $142 $14 {P32.h3} 32. Re3 Ne4 {Miles}) 32. b4 $1 Rxa3 (32... Ra8 33.
a4 $18) 33. Ra5 Rxa5 (33... Rb3 $2 34. Kc2 $18) 34. bxa5 Ne4 (34... Kb5 35. Kd4
Kxa5 36. Kc5 $18) 35. Kd4 Kd6 (35... Kb5 36. Ke5 Ng3 37. g6 Nh5 38. Kxf5 $18)
36. a6 Nc5 37. a7 Ne6+ 38. Kc4 Nc7 39. g6 Ke6 40. Kc5 {Time} (40. Kc5 Kf6 41.
Kc6 Na8 42. Kb7 $18) 1-0

[Event "San Martin"]
[Site "San Martin"]
[Date "1995.??.??"]
[Round "4"]
[White "Larsen, Bent"]
[Black "Scarella, Enrique Alejandro"]
[Result "1-0"]
[WhiteElo "2505"]
[BlackElo "2380"]
[Annotator "Giese"]
[PlyCount "57"]
[EventDate "1995.03.??"]
[EventType "tourn"]
[EventRounds "13"]
[EventCountry "ARG"]
[EventCategory "10"]
[SourceTitle "CBM 048"]
[Source "ChessBase"]
[SourceDate "1995.10.01"]
[SourceVersion "1"]
[SourceVersionDate "1995.10.01"]
[SourceQuality "1"]

1. e4 c5 2. f4 Nc6 3. Nf3 g6 4. Bb5 Qc7 5. d3 Bg7 6. O-O d6 7. Nc3 e6 8. f5
Nge7 9. fxe6 Bxe6 10. Bf4 O-O 11. Bxc6 Qxc6 12. Qd2 d5 13. Bh6 d4 14. Ne2 f6
15. Rf2 Rf7 16. Raf1 Qd6 17. Bxg7 Kxg7 18. Nf4 Raf8 19. e5 Qb6 $2 (19... fxe5
20. Nxe6+ Qxe6 21. Ng5 $18) (19... Qd7 20. exf6+ Rxf6 21. Ne5 Qd6 22. Nh5+ $1 {
[%cal Gf2f8]} gxh5 23. Qg5+ $18) (19... Qc6 20. exf6+ Rxf6 21. Ne5 $18) (19...
Qa6 $142 $1 20. b4 Bc8 $14) 20. b4 $3 {[%csl Rc5,Rd4,Re6]} Bg4 (20... cxb4 21.
Nxd4 {[%csl Gd4,Gf4,Re6]} Bg4 (21... Bxa2 22. e6 {[%csl Ra2,Rf7]} Qxd4 23. c3
$1 {[%csl Ra2]} Qxc3 24. Qxa2 b3 25. Qa3 $18) 22. e6 $16) (20... Nd5 21. bxc5
Qa6 22. exf6+ Rxf6 23. Nxe6+ Qxe6 24. Nxd4 Qe5 25. Nf3 Qb2 26. c4 $18) (20...
g5 21. exf6+ Rxf6 22. Nh5+ $18) (20... Re8 21. bxc5 Qa6 22. Nxe6+ Qxe6 23.
exf6+ $18) 21. bxc5 Qa6 22. e6 $1 Bxe6 23. Nxd4 Bd7 (23... Bc8 24. c6 $1 {
[%csl Ya6,Yb6,Yc6,Yd6,Ye6]} Kh8 25. Nfe6 Bxe6 26. Nxe6 Rc8 27. cxb7 $18 {o^c+d}
) 24. c6 Bxc6 (24... Nxc6 25. Nde6+ Kg8 26. Nxf8 $18) (24... bxc6 25. Nfe6+ $18
) 25. Nfe6+ Kg8 26. Nxf8 Rxf8 27. Rxf6 Rxf6 28. Rxf6 Qxa2 29. Qe1 {[%csl Re7]}
(29. Qe1 Qa3 30. Qe6+) 1-0

[Event "Yerevan"]
[Site "Yerevan"]
[Date "1996.??.??"]
[Round "6"]
[White "Minasian, Artashes"]
[Black "Ehlvest, Jaan"]
[Result "0-1"]
[WhiteElo "2580"]
[BlackElo "2660"]
[Annotator "Horvath,Ta"]
[PlyCount "80"]
[EventDate "1996.04.??"]
[EventType "tourn"]
[EventRounds "11"]
[EventCountry "ARM"]
[EventCategory "15"]
[SourceTitle "CBM 053"]
[Source "ChessBase"]
[SourceDate "1996.08.01"]
[SourceVersion "1"]
[SourceVersionDate "1996.08.01"]
[SourceQuality "1"]

1. e4 c5 2. Nf3 e6 3. d4 cxd4 4. c3 dxc3 5. Nxc3 Nc6 (5... Bc5 6. Bc4 Ne7 7.
O-O O-O 8. e5 (8. Qe2) (8. Bg5 f6 9. Bf4 Ng6 10. Bg3 Nc6 11. a3 Nge5 12. Ba2 a6
13. b4 Ba7 14. b5 Nxf3+ 15. Qxf3 Ne5) 8... Ng6 9. Qe2 Nc6 10. Bg5 Nd4) 6. Bc4
a6 (6... Qc7 7. O-O Nf6 8. Qe2 Ng4) 7. O-O Nge7 8. Bg5 h6 (8... f6 9. Be3 Ng6
10. Nd4 Be7 11. Nxc6 bxc6 12. Qh5 O-O 13. f4 Rf7) 9. Bh4 d6 10. Qe2 Qa5 $6 (
10... Qc7 11. Rac1 Ng6 12. Bg3 Be7 13. Bb3 Qb8 $15) 11. a3 Ng6 12. b4 Qc7 13.
Bg3 Be7 14. Rac1 O-O 15. Ba2 Qb8 16. Nd2 Bd7 17. f4 Bf6 18. Qh5 b5 19. e5 dxe5
20. Nce4 Bd8 21. fxe5 $6 (21. f5 $1 exf5 (21... Nf4 22. Bxf4 exf4 23. Nc5 Bb6
24. Nde4 exf5 $2 (24... Qe5 $1 25. Kh1 Bxc5 26. Nxc5 Be8 27. Rfe1 Qxf5 28. Qxf5
exf5 29. Bd5 Rc8 30. Ne6 Ne7 31. Rxc8 Nxc8 32. Nxf8 Kxf8) 25. Nf6+ $1 gxf6 26.
Qg6+ Kh8 27. Qxh6+ Kg8 28. Qg6+ Kh8 29. Qxf6+ Kg8 30. Qg5+ Kh7 31. Rxf4 $18)
22. Qxg6 Kh8 23. Qd6 $18) 21... Ncxe5 22. Nc5 Bc6 23. Nxe6 Bb6+ 24. Nc5 Qd8 25.
Ndb3 Nc4 26. Kh1 Ra7 27. Bb1 Re7 28. Rf2 Qe8 29. Rcf1 Ne3 $19 30. Rg1 Ne5 31.
Nd4 Ba8 32. Nf5 Nxf5 33. Qxf5 g6 34. Qh3 h5 35. Bxe5 Rxe5 36. Nd7 Re6 37. Nf6+
Rxf6 38. Rxf6 Bxg1 39. Kxg1 Qe5 40. Qh4 Qb2 0-1

[Event "Bundesliga 0506"]
[Site "Germany"]
[Date "2006.04.02"]
[Round "15.4"]
[White "Kindermann, Stefan"]
[Black "Hracek, Zbynek"]
[Result "0-1"]
[WhiteElo "2535"]
[BlackElo "2595"]
[Annotator "Hracek/Meyer,CD"]
[PlyCount "102"]
[EventDate "2005.10.21"]
[EventType "team-tourn"]
[EventRounds "15"]
[EventCountry "GER"]
[SourceTitle "CBM 112"]
[Source "ChessBase"]
[SourceDate "2006.06.07"]
[SourceVersion "1"]
[SourceVersionDate "2006.06.07"]
[SourceQuality "1"]
[WhiteTeam "Tegernsee"]
[BlackTeam "Werder Bremen"]
[WhiteTeamCountry "GER"]
[BlackTeamCountry "GER"]

{ANTI-SICILIAN MISADVENTURE} 1. e4 c5 2. d3 Nc6 3. f4 g6 4. Nf3 Bg7 5. g3 d5 {
! according to Kindermann} 6. Qe2 $6 (6. exd5 $142 $11 Qxd5 7. Nc3 (7. Bg2 c4
8. Nc3 Qe6+ 9. Kf2 cxd3 10. Qxd3 Nf6 11. Re1 Qf5 12. Qxf5 Bxf5 13. Nb5 O-O-O
14. c3 Bd3 15. Na3 Ne4+ 16. Kg1 f5 17. Be3 Rd7 18. Rac1 Kb8 {draw, S. Beshukov
- J. Zezulkin, Krasnodar 1998}) 7... Qe6+ 8. Ne4 Nf6 9. Nfg5 Qd7 10. Bg2 Nxe4
11. Nxe4 c4 12. c3 cxd3 13. Nc5 Qd6 14. Be3 O-O 15. Qxd3 Rd8 16. Qxd6 Rxd6 17.
Rd1 {A. Fedorov - N. Miezis, Bled 2003, draw/39}) 6... Bg4 7. c3 c4 $1 {
One strong grandmaster told me after this move: "I like it, this is real
chess". I hope that wasn't ironical, but anyway "real chess" showed me Stefan
after the game. He analysed with the computer ...} (7... Qa5 8. Nbd2 Bxc3 $5
$13) 8. dxc4 dxe4 9. Qxe4 Nf6 10. Qe3 O-O 11. Bg2 e5 $5 {In view of his
development advantage Black forces the opening of the position and seizes the
initiative.} ({Also good was} 11... Bf5 {after} 12. O-O (12. h3) 12... Ng4 13.
Qc5 Rc8 14. Na3 a6 15. Kh1 e5 16. Qg1 e4 17. Ng5 Re8 18. Re1 Rc7 19. h3 Nf6 20.
g4 Bc8 21. Nxe4 Nxg4 22. Bd2 $6 Qh4 23. Nd6 $4 Rd8 $19 {G. Baranov - E. Najer,
St. Petersburg 1998, 0:1/41}) 12. O-O ({I} 12. fxe5 Bxf3 13. Bxf3 Nxe5 14. O-O
Nfg4 15. Bxg4 Nxg4 16. Qf3 Qb6+ 17. Kh1 Ne5 $36) ({II} 12. Nxe5 Nxe5 (12... Re8
13. O-O Bf5 14. Nxc6 bxc6 $44) 13. fxe5 Bh6 $1 {Rybka Rybka} 14. Qxh6 Qd1+ 15.
Kf2 Ne4+ 16. Bxe4 Qe2+ 17. Kg1 Qe1+ 18. Kg2 Qxe4+ 19. Kg1 Qe1+ 20. Kg2 Qe2+ 21.
Kg1 Qd1+ $19) 12... exf4 13. Qxf4 Re8 14. Nbd2 {Looks natural, but perhaps a
better try is} (14. Na3 $5 Qb6+ (14... Re2 15. Nb5) 15. Kh1 (15. Nd4 Be2 16.
Rf2 Ng4 17. Qxf7+ Kh8) 15... Re4 (15... Rad8 16. b4 Rd3 17. Bb2 Re4 $44) 16.
Qd2 Rae8 17. Qf2 Qd8 $44) 14... Qd7 $1 {Continues his harmonical development
and by the way threatens to trap the white queen.} 15. Ng5 (15. Nb3 $6 Re2 16.
Nc5 (16. Bd2 Nh5 17. Qg5 Bf5 $17) 16... Qe7 17. Nb3 (17. b4 h6 18. Rf2 Re8 $17)
17... Rd8 $1 18. Bd2 g5 $5 19. Qxg5 h6 20. Qh4 (20. Qf4 Re4 21. Rfe1 Rxf4 22.
Rxe7 Rxf3 23. Bxf3 Nxe7 $17) 20... Bxf3 21. Rxf3 Ne5 22. Bf4 Nxf3+ 23. Bxf3
Rxb2 24. Bxh6 Re8 25. Rf1 Bxh6 26. Qxh6 Ne4 $17) 15... Ne5 $1 16. Nde4 $2 ({I} 
16. Qd4 {is my 'silicon friend's' recommendation and a little better, although
after} Qc7 17. Ndf3 (17. Ngf3) 17... Nxf3+ 18. Nxf3 Ne4 {Black has even more
than the initiative:} 19. Qd3 Nc5 20. Qd2 Be6 $1 (20... Rad8 21. Qf4) 21. Qe2
Bf5 22. Qd2 Bd3 23. Re1 Bxc4) ({II Also after} 16. Ngf3 Nd3 {Black gets at
least enough compensation:} 17. Qd4 Rad8 18. Qxd7 Rxd7 19. h3 Bxf3 20. Nxf3 Ne4
21. Kh2 Nd6 22. Rb1 (22. c5 Ne4) 22... Nxc4 23. Rd1 Red8 $15) 16... Nxe4 17.
Nxe4 Be2 18. Re1 Bxc4 $17 {Regains the pawn with a clear positional advantage.}
19. Bd2 ({Or} 19. Be3 Nd3 20. Qd6 Qb5 21. b3 (21. Reb1 $2 Rxe4 22. Bxe4 Qe8 $19
) 21... Nxe1 22. bxc4 Qxc4 23. Rxe1 Rxe4 24. Bxe4 Qxe4 $17) 19... Qc6 $5 ({
Alternatives: I} 19... Nd3 $6 {doesn't work because of} 20. Nf6+ Bxf6 21. Qxf6
{(} Nxe1 $4 22. Bh6 $18 {), but there are more subtle and stronger moves:}) ({
II} 19... Rad8 $1 20. b3 f5 $1 21. Nc5 (21. bxc4 fxe4) 21... Qxd2 22. Qxd2 Rxd2
23. bxc4 b6 $17) ({III} 19... Qd8 $1 20. b3 (20. Nf2 Bd5 $17) 20... Nd3 21.
Nf6+ Qxf6 {transposes to the game:} 22. Qxf6 Bxf6 23. Rxe8+ Rxe8 24. bxc4 Re2
$17) 20. b3 ({I} 20. Qh4 Bd5 $17) ({II} 20. Be3 f5 (20... Nd3 $5) 21. Nf2 Bd5
$17) 20... Nd3 $2 {Here I noticed 21.Qd6 and was afraid (rightly!) of this
retort . Fortunately Stefan was in big time trouble with no time to calculate
all the variations.} ({In spite of that the home analysis reveals the "patent
move"} 20... Bd5 $3 {with irresistable pressure:} 21. c4 (21. Qf1 f5 22. Ng5 h6
$19) 21... Nd3 22. cxd5 Qb6+ 23. Be3 (23. Qe3 Bd4 $19) 23... Nxf4 24. Bxb6 Nxg2
25. Kxg2 Bxa1 26. Bc7 (26. Bf2 f5 27. Rxa1 fxe4 $19) 26... Bd4 27. d6 f5 28. d7
Rxe4 29. Rxe4 fxe4 30. d8=Q+ Rxd8 31. Bxd8 Kf7 $19) 21. Nf6+ $2 ({Misses a
good drawing chance:} 21. Qd6 {(The idea is nice: 21..Nxe1?? 22.Nf6+)} Rxe4 (
21... Qxd6 22. Nxd6 Nxe1 23. Bxe1 (23. Nxe8 Nxg2 24. Nxg7 Bd5 25. Bh6 $11 {
funny position}) 23... Ba6 (23... Rxe1+ 24. Rxe1 Bxc3 25. Re3 Bd4 26. Nxc4 Rc8
27. Bxb7 Rxc4 28. bxc4 Bxe3+ $11) 24. Nxe8 Rxe8 $11) (21... Bd5 22. Qxd5 Qxd5
23. Nf6+ Bxf6 24. Rxe8+ Rxe8 25. Bxd5 Rd8 26. Bg2 Nb4 27. Bg5 Bxg5 28. cxb4 $15
{/=}) 22. Qxc6 Rxe1+ 23. Bxe1 bxc6 24. bxc4 Rc8 25. Bf2 Bxc3 26. Rd1 Nxf2 27.
Kxf2 Rc7 28. Rd6 c5 29. Bd5 $15) 21... Qxf6 22. Rxe8+ Rxe8 23. Qxf6 Bxf6 24.
bxc4 Re2 $17 25. Rd1 {To be honest, I already pictured my victory and thereby
completely forgot about the reply 26. Bf1. When I played 19...Qc6 I reckoned
only with 26. Kf1 or 26.Bf3.} Be7 {I lost 15 minutes to find out that there is
no easy win. Fortunately I realised that in order to reach a much better
ending just simple positional play is asked for. First of all my bishop has to
change to the c5-g1 diagonal.} 26. Bf1 ({I} 26. Kf1 $2 Rf2+ 27. Kg1 Bc5 28. Be3
Rd2 $1 29. Rxd2 Bxe3+ 30. Kf1 Bxd2 31. Ke2 Ne1 32. Bxb7 Bxc3 $19) ({II} 26. Bf3
Bc5+ 27. Kh1 Rf2 28. Bxb7 Nb2 $19) 26... Bc5+ 27. Kh1 Nf2+ 28. Kg2 Re7 $17 29.
Rb1 (29. Re1 Ne4 30. Bc1 f5 31. Bd3 Kf7 (31... Nxc3 32. Rxe7 Bxe7 33. Bd2 Na4
34. Be2) 32. Bxe4 fxe4 33. Kf1 Re6 34. Bg5 Ra6 35. Re2 Ra4 36. Rxe4 Rxa2 $17 {
with a good chance to win}) 29... Ne4 30. Be1 f5 31. Rd1 Kf7 32. Bd3 b6 33. Bc2
$2 (33. Kf1 $142) 33... Nf6 $2 {Now I was in time trouble too, otherwise I
would have chosen} (33... Nxc3 $19) 34. Bd3 Ng4 35. Rb1 h5 36. h3 Nf6 {More
precise is} (36... Ne3+ {e.g.} 37. Kh2 Rd7 38. Be2 Nc2 39. Bf1 g5) 37. Bf2 $2 {
With a few seconds left this was the decisive mistake.} (37. Rd1 Ne4 38. Kf3 g5
39. g4 fxg4+ 40. hxg4 Nf6 41. gxh5 Re3+ 42. Kg2 Nxh5 $17) 37... Bxf2 ({Leaving
White with the "bad" bishop, but} 37... Rd7 $1 $19 {would have been much
easier for me.}) 38. Kxf2 Nd7 {This ending should be winning even wihout the
following mistakes.} 39. Bf1 $6 (39. Rd1 Nc5 40. Bc2 Kf6 41. Kf3 g5 42. Rd6+
Re6 43. Rd5 Re5 44. Rd6+ Ne6 45. h4 g4+ 46. Kf2 Rc5 47. Rd5 f4 48. Rxc5 (48.
gxf4 Nxf4 49. Rd6+ Ke7 50. Rd4 Ne6 51. Re4 Kf6 52. Kg3 Re5) 48... bxc5 49. Ba4
(49. gxf4 Nxf4 50. Ba4 Ne6) 49... fxg3+ 50. Kxg3 Ke5 51. Be8 Ng7 $19 {This
isn't forced, but it illustrates Black's possibilities in such an ending.})
39... Nc5 40. Rd1 (40. Kf3 Rd7 41. Re1 Rd2 42. Re2 Rxe2 43. Bxe2 Kf6 44. g4 (
44. a3 Ne4 $19) 44... fxg4+ 45. hxg4 h4 $19) 40... Ne4+ 41. Kf3 Nxc3 42. Rd8
Ne4 43. a4 $6 Nc5 44. a5 bxa5 45. Rc8 Ne6 46. c5 Re8 47. Rxe8 Kxe8 48. c6 Ke7
49. Bc4 Nd4+ 50. Kf4 Nxc6 51. Kg5 a4 0-1

[Event "Match/Varsity Cambridge-Oxford 2,0-6,0"]
[Site "London (RAC Club)"]
[Date "1983.03.12"]
[Round "1.1"]
[White "Ivell, Nicholas W"]
[Black "Regan, Kenneth"]
[Result "0-1"]
[WhiteElo "2350"]
[BlackElo "2435"]
[Annotator "Ivell,N"]
[PlyCount "52"]
[EventDate "1983.03.12"]
[EventType "team"]
[EventRounds "1"]
[EventCountry "ENG"]
[SourceTitle "EXT 2018"]
[Source "ChessBase"]
[SourceDate "2017.10.13"]
[SourceVersion "1"]
[SourceVersionDate "2017.10.13"]
[SourceQuality "1"]
[WhiteTeam "Cambridge University"]
[BlackTeam "Oxford University"]
[WhiteTeamCountry "ENG"]
[BlackTeamCountry "ENG"]

1. e4 {1) BCM, May 1983, p199, but the magazine incorrectly gives the colours
as 'Regan-Ivell'.  Total Standing: Cambridge 45 wins. Oxford 39 wins.} c5 2. f4
Nf6 3. d3 Nc6 4. Nf3 d5 5. e5 Ng8 6. g3 Bg4 7. Bg2 e6 8. h3 Bxf3 9. Qxf3 Nge7
10. O-O h5 11. Qf2 {Ivell,N: "Positional blunder - bishop belongs here"} (11.
c3 $11) (11. c4 $11) 11... Nf5 12. Nc3 Rc8 13. a3 c4 14. Kh2 cxd3 15. cxd3 Ncd4
16. Bd2 Nb3 17. Rad1 Bc5 18. d4 Bxd4 19. Qe2 Nxd2 20. Qxd2 Bxc3 21. bxc3 Qa5
22. Rf3 Rc7 23. Rd3 Ne7 24. f5 Nxf5 25. Bxd5 {[#]} O-O $19 {Nicholas Ivell:
"Impressive lateness!"} (25... exd5 26. Rxd5 $14 Qxc3 27. Rd8+ Ke7 28. Qxc3
Rxc3 29. Rxh8 $14) 26. Qc2 (26. Be4 Qxe5 $19) 26... exd5 0-1